| 000 -CABECERA |
| Longitud fija campo de control |
00588nam a2200181 a 4500 |
| 001 - NÚMERO DE CONTROL |
| Número de control |
3202 |
| 003 - IDENTIFICADOR DEL NÚMERO DE CONTROL |
| Identificador del número de control |
CDMR |
| 005 - FECHA Y HORA DE LA ÚLTIMA TRANSACCIÓN |
| Fecha y hora de la última transacción |
20130405120050.0 |
| 008 - CÓDIGOS DE INFORMACIÓN DE LONGITUD FIJA |
| Códigos de información de longitud fija |
130130s1965||||||||||||||||||||||||||||d |
| 040 ## - FUENTE DE LA CATALOGACIÓN |
| Centro catalogador de origen |
CDMR |
| Lengua de catalogación |
cat |
| Centro transcriptor |
CDMR |
| 111 2# - PUNTO DE ACCESO PRINCIPAL-NOMBRE DE CONGRESO |
| Nombre de congreso o jurisdicción como elemento de entrada |
Semana Internacional de Prensa |
| Sede del congreso |
Barcelona |
| Fecha del congreso |
1964 |
| Número del congreso o número de parte o sección de la obra |
2ª |
| 9 (RLIN) |
1643 |
| 245 10 - MENCIÓN DE TÍTULO |
| Título |
Prensa y convivencia internacional |
| Resto del título |
: 2ª semana internacional de prensa |
| 260 ## - PUBLICACIÓN, DISTRIBUCIÓN, ETC. (PIE DE IMPRENTA) |
| Lugar de publicación, distribución, etc. |
Barcelona |
| Nombre del editor, distribuidor, etc. |
Instituto de Ciencias Sociales |
| 260 ## - PUBLICACIÓN, DISTRIBUCIÓN, ETC. (PIE DE IMPRENTA) |
| Fecha de publicación, distribución, etc. |
1965 |
| Nombre del editor, distribuidor, etc. |
Diputación Provincial de Barcelona |
| 300 ## - DESCRIPCIÓN FÍSICA |
| Extensión |
720 p ; |
| Dimensiones |
27 cm |
| 650 04 - PUNTO DE ACCESO ADICIONAL DE MATERIA - TÉRMINO DE MATERIA |
| Término de materia o nombre geográfico como elemento inicial |
Periodisme |
| 9 (RLIN) |
2799 |
| Subdivisión de materia general |
Aspectes socials |
| 942 ## - ENTRADA DE ELEMENTOS AGREGADOS (KOHA) |
| Koha [por defecto] tipo de item |
Monografies |
| Fuente de clasificaión o esquema |
|